| 000 | 00491nam a2200193 i 4500 | ||
|---|---|---|---|
| 001 | 9310 | ||
| 003 | ES-MaACL | ||
| 005 | 20230906145640.0 | ||
| 007 | t| | ||
| 008 | 930804s1992 sp ||||1| spa d | ||
| 020 | _a84-88016-03-4 | ||
| 080 | _a86-14"19" | ||
| 080 | _a86(Egea, E.7 D.01) | ||
| 100 | 1 |
_aEgea, Emma. _946700 |
|
| 245 | 1 | 3 |
_aUn Dia de mayo / _cEmma Egea. |
| 260 |
_aCartagena : _bAgua, _c1992. |
||
| 300 |
_a118 p. : _bil. ; _c24 cm. |
||
| 852 |
_aES-MaACL _jL-16827 _bR.121365 |
||
| 999 |
_c9310 _d9310 |
||